000 00618nam a22001817a 4500
005 20170630155654.0
010 _aENG-118731
020 _c175.00
035 _aEN-102263
037 _bDBAD/PUB
082 _a530
100 _aKrishnamurthy, V.
245 _aPhysics m.sc., entrance exams preparation material :
_cby V. Krishnamurthy
_buseful for all universities and other competitive exams /
260 _aHyderabad
_bLorven Publications
_c2010
270 _a3-5- 1108, Maruthi Complex, Narayanguda
_bHyderbad
_e500029
300 _avarious pages.
_c23cm(pbk)
942 _2ddc
_cEN
_h530
_mKRI
999 _c141252
_d141252